000 00598nam a2200229Ia 4500
003 OSt
005 20220928130550.0
006 a|||||r|||| 00| 0
007 ta
008 220927b |||||||| |||| 00| 0 eng d
024 _a93156
037 _cTextual
040 _aSDCL
_cSDCL
_beng
041 _2eng
_aeng
082 _aX65:8, P1
100 _aStrong Robert A
_9474626
245 0 _aPortfolio management hand book.
260 _aMumbai
_bJaico Publishing
_c2001
300 _axxi,561p
_ccm.
942 _hX65:8, P1
_cTEXL
_2CC
999 _c787187
_d787187